Normal view MARC view
  • Taxation

Entry Topical Term

Number of records used in: 2

001 - CONTROL NUMBER

  • control field: 56551

003 - CONTROL NUMBER IDENTIFIER

  • control field: OSt

005 - DATE AND TIME OF LATEST TRANSACTION

  • control field: 20220806105327.0

008 - FIXED-LENGTH DATA ELEMENTS

  • fixed length control field: 220806|| aca||aabn | a|a d

040 ## - CATALOGING SOURCE

  • Original cataloging agency: OSt
  • Transcribing agency: OSt

150 ## - HEADING--TOPICAL TERM

  • Topical term or geographic name entry element: Taxation

670 ## - SOURCE DATA FOUND

  • Source citation: Work cat.: (OSt)32582: Nabhi S. Board Of Editor 56550, Income Tax Guidelines, 2011